Score 0/20 Timer 05:00
4 Plays Today
% Correct
Jaws
98.8%
Iron Man
95.1%
Jurassic Park
93.7%
The Wizard of Oz
92.5%
Star Wars: The Force Awakens
86.5%
Fantasia
85.3%
Scream
81.2%
WALL·E
80.6%
V for Vendetta
76.4%
Alien
75.7%
% Correct
Friday the 13th
75.4%
Harry Potter
73.1%
The Matrix
72%
A Clockwork Orange
70.1%
The Big Lebowski
68.6%
The Incredible Hulk
62.5%
Superbad
54.7%
Donnie Darko
52.8%
Daredevil
44.3%
Spectre
21.1%
Remove Ads.
Support Sporcle.
Get the best of Sporcle when you Go Orange. This ad-free experience offers more features, more stats, and more fun while also helping to support Sporcle. Thank you for becoming a member.

You're not logged in!

Compare scores with friends on all Sporcle quizzes.
OR
Log In

Show Comments

Extras

Top Quizzes Today


Score Distribution

Your Account Isn't Verified!

In order to create a playlist on Sporcle, you need to verify the email address you used during registration. Go to your Sporcle Settings to finish the process.

Report this User

Report this user for behavior that violates our Community Guidelines.

Details: